01000cam a22003133a 45000010008000000030009000080050017000170070008000340080039000420100006000810200015000870400025001021000028001272400034001552450119001892500013003082600044003213000026003654900018003916000009004097000031004187000026004498300018004759420012004939450029005059520110005349560025006449990017006690000741DO-SdBNP20180117120237.00000741861112 2006 sp a 000 0 spa d a  a8426110444 aBPMSUcspadBPMSUd 1 aBlyton, Enidd1897-196810aFive go to demon´s rock´s /14aLos cinco en las rocas del Diablo /cEnid Blyton ; traducción Antonio de Quadras ; ilustraciones Enrique Ventura a18a. ed. aBarcelona, España :bJuventud,c2006. a156 p. :bil.c20 cm.0 aLos cincov2100a x 12aQuadras, Antonio deetrad.12aVentura, Enriqueeil. 0aLos cincon21 2ddccBK aInventariado, 2018 / YL 00102ddc40708CJ-GaBPMETbBPMETd2016-10-21eSin sellarl0pBPMSU16100323r2016-10-21w2016-10-21yBK aYLOCKWARDb10cBPMSU c11648d11648